000
00311nam a2200133Ia 4500
005
20260328101516.0
008
260328s9999||||xx |||||||||||||| ||und||
100
_a
Villette, Jean
245
0
_a
Les vitraux de Chartres /
_c
Jean Villette
260
_b
Hachette
300
_a
142 p.
650
_a
ARTE
942
_c
BK
999
_c
9389
_d
9389